000 005640000a22001810004500
003 MACL
005 20160324162913.0
008 160324b xxu||||| |||| 00| 0 eng d
040 _aMACL
_cMACL
041 _aHindi
082 _a080
100 _aमार्डेन स्‍वेट
_948432
245 _aजीवन में अन्‍नति कैसे करें
260 _bजन साहित्‍य परिषद
_c2002
_aनई दिल्‍ली
350 _a150
650 _aHuman Behivour
_948433
942 _cHIN
_k080
_2ddc
999 _c9745
_d9745